Dialéctica del desarrollo: diagnóstico de la crisis del Brasil

Salvato in:
Dettagli Bibliografici
Autore principale: Furtado, Celso (Autore)
Natura: Libro
Lingua:spagnolo
Pubblicazione: Ciudad de México Fondo de Cultura Económica 1969
Edizione:2a. ed
Serie:Sección de obras de economía
Soggetti:
Tags: Aggiungi Tag
Nessun Tag, puoi essere il primo ad aggiungerne!!

MARC

LEADER 00000nam a2200000 a 4500
001 UCP8878
003 CL-VaPUC
008 000317e19690000MX |||||||||||||||||spa|d
082 0 4 |a 330.981  |b FUR  |2 21 
100 0 |a Furtado, Celso  |e author  |9 439126 
245 1 0 |a Dialéctica del desarrollo: diagnóstico de la crisis del Brasil 
250 |a 2a. ed 
300 |a 158 p 
942 |c BK 
945 |d 20000317 00:00:00  |a lriquelm 
260 |a Ciudad de México  |b Fondo de Cultura Económica  |c 1969 
650 0 |a Desarrollo económico  |9 259599 
650 0 |a Condiciones económicas  |9 258255 
650 0 |a Condiciones sociales   |9 257278 
651 0 |a Brasil  |9 267393 
583 |a last modification  |c 20000317 00:00:00  |k Rodrigo Vera 
490 0 |a Sección de obras de economía 
999 |c 285741  |d 285739 
952 |0 0  |1 0  |4 0  |6 330_981000000000000_FUR_1969  |7 0  |8 A  |9 330511  |a BIBHIS  |b BIBHIS  |d 2019-11-20  |i 1387138  |o 330.981 FUR 1969  |p 1387138  |r 2025-01-20  |w 2019-11-20  |y BK  |k HIS